000 00765nam a2200277 a 4500
003 AR-BaBNM
005 20251128210121.0
008 082120s2002 ||||||||||||||000 | spa||
020 _a958-04-3393-3
040 _cAR-BaBNM
245 0 0 _aCuentos de terror
_n2
260 _aSantafé de Bogotá
_bNorma
_c1998
300 _a135 p.
_bil.
490 0 _aTorre de papel. Torre amarilla
_vv. 16
500 _aSe recomienda para niños a partir de 11 años
650 4 _aLITERATURA INFANTIL
650 4 _aLIBROS PARA NIÑOS
650 4 _aANTOLOGIAS
650 4 _aLITERATURA INGLESA
650 4 _aCUENTOS DE TERROR
653 _aLITERATURA FANTASTICA
655 _aLITERATURA
700 1 _aHolguín, Magdalena
_etraductor
942 _cBK
998 _cMARTIN
999 _c14112
_d14112